[Event "VI Floripa Open 2020"]
[Site "Florianopolis"]
[Date "2020.01.20"]
[Round "1.127"]
[White "Silva, Guilherme Henrique D"]
[Black "Morato, Saulo Duenas"]
[Result "1-0"]
[WhiteElo "1697"]
[BlackElo "1353"]
[Annotator "NA"]
[PlyCount "59"]
[EventDate "2020.01.20"]
[EventType "swiss"]
[EventRounds "10"]
[EventCountry "BRA"]
[SourceTitle "playchess.com"]
[Source "ChessBase"]
[SourceQuality "1"]
[TimeControl "5400+30"]

1. d4 d5 2. c4 c6 3. Nf3 Nf6 4. g3 Bg4 5. Bg2 a6 6. b3 e6 7. O-O Be7 8. Bb2 Nbd7 9. Nbd2 O-O 10. Rc1 Rc8 11. Re1 b5 12. e3 Ne4 13. h3 Bh5 14. Qc2 Bb4 15. a3 Bxf3 16. axb4 Nxd2 17. Qxd2 Bh5 18. e4 dxe4 19. Bxe4 Nf6 20. Bg2 Re8 21. Ra1 Qb6 22. Ra2 Red8 23. Rea1 Ra8 24. cxb5 cxb5 25. Bf1 Qc6 26. Rxa6 Rxa6 27. Rxa6 Qb7 28. Ra1 e5 29. Bg2 Qb6 30. Rc1 {Ilegivel} 1-0

[Event "VI Floripa Open 2020"]
[Site "Florianopolis"]
[Date "2020.01.20"]
[Round "1.128"]
[White "Elesbao, Bernardo Dartora"]
[Black "Gomes, Marco Tulio Caldeira"]
[Result "1-0"]
[WhiteElo "1352"]
[BlackElo "1693"]
[Annotator "NA"]
[PlyCount "73"]
[EventDate "2020.01.20"]
[EventType "swiss"]
[EventRounds "10"]
[EventCountry "BRA"]
[SourceTitle "playchess.com"]
[Source "ChessBase"]
[SourceQuality "1"]
[TimeControl "5400+30"]

1. e4 c5 2. Nf3 Nc6 3. d4 cxd4 4. Nxd4 e6 5. Nb5 d6 6. c4 a6 7. N5c3 Nf6 8. Bd3 Be7 9. O-O O-O 10. Be3 Qc7 11. f4 Nb4 12. Be2 Bd7 13. a3 Nc6 14. b4 b6 15. Nd2 Bc8 16. Na4 Rb8 17. Rc1 Nd7 18. Nb3 Rd8 19. b5 Na5 20. Bd2 Nxb3 21. Qxb3 a5 22. Qg3 Bf6 23. f5 Be5 24. Bf4 Nf6 25. Bxe5 dxe5 26. fxe6 Nxe4 27. Qg4 Bxe6 28. Qxe4 Rd4 29. Qc6 Qd8 30. Rcd1 Bd7 31. Rxd4 exd4 32. Qd5 Qe7 33. Qxd4 Qxe2 34. Qxd7 Qxc4 35. Nxb6 Qc5+ 36. Kh1 Rxb6 37. Qxf7+ 1-0

[Event "VI Floripa Open 2020"]
[Site "Florianopolis"]
[Date "2020.01.20"]
[Round "1.129"]
[White "Feller, Gabriela Luisa Vicen"]
[Black "De Lima, Lucas Taveira"]
[Result "1-0"]
[WhiteElo "1691"]
[BlackElo "1341"]
[Annotator "NA"]
[PlyCount "89"]
[EventDate "2020.01.20"]
[EventType "swiss"]
[EventRounds "10"]
[EventCountry "BRA"]
[SourceTitle "playchess.com"]
[Source "ChessBase"]
[SourceQuality "1"]
[TimeControl "5400+30"]

1. e4 e5 2. Nf3 Nc6 3. d4 exd4 4. Nxd4 Bc5 5. Be3 Bb6 6. Bc4 Nf6 7. Nc3 O-O 8. O-O d6 9. f3 Ne5 10. Bb3 Bd7 11. Qe1 Re8 12. Rd1 a5 13. a3 Nc6 14. Kh1 Qe7 15. Nxc6 bxc6 16. Bxb6 cxb6 17. Qd2 Nh5 18. Qxd6 Rad8 19. Qxe7 Rxe7 20. Na4 b5 21. Nc5 a4 22. Ba2 Nf6 23. Rd2 Kf8 24. Rfd1 Ke8 25. Rd4 Re5 26. Nxd7 Rxd7 27. Rxd7 Nxd7 28. Bxf7+ Ke7 29. Ba2 Rc5 30. Rd2 Nb6 31. Kg1 Nc4 32. Bxc4 Rxc4 33. c3 c5 34. Kf2 b4 35. cxb4 cxb4 36. axb4 Rxb4 37. Ke3 Rb6 38. Kd3 Rc6 39. Rc2 Rb6 40. Rd2 Ke6 41. Kc3 Ke5 42. Rd5+ Kf6 43. Ra5 Rb3+ 44. Kc2 Rb4 45. e5+ 1-0

[Event "VI Floripa Open 2020"]
[Site "Florianopolis"]
[Date "2020.01.20"]
[Round "1.130"]
[White "Calcada, Henrique Galvan"]
[Black "Dos Anjos, Diovana Ferreira"]
[Result "0-1"]
[WhiteElo "1322"]
[BlackElo "1691"]
[Annotator "NA"]
[PlyCount "100"]
[EventDate "2020.01.20"]
[EventType "swiss"]
[EventRounds "10"]
[EventCountry "BRA"]
[SourceTitle "playchess.com"]
[Source "ChessBase"]
[SourceQuality "1"]
[TimeControl "5400+30"]

1. Nf3 b5 2. g3 Bb7 3. Bg2 e6 4. O-O Nf6 5. c3 c5 6. Qb3 a6 7. d4 h6 8. Bf4 Nd5 9. Bc1 c4 10. Qc2 Nf6 11. Nbd2 d6 12. a4 Nbd7 13. Re1 Be7 14. e4 O-O 15. e5 Ne8 16. h3 f5 17. exd6 Nxd6 18. Rxe6 Ne4 19. axb5 axb5 20. Rxa8 Bxa8 21. Ne5 Bg5 22. f4 Nxe5 23. dxe5 Qc8 24. Rb6 Qc5+ 25. Kh2 Qxb6 26. fxg5 hxg5 27. Nf1 Qe6 28. Nd2 Qxe5 29. Nxe4 Bxe4 30. Bxe4 fxe4 31. Qe2 Rf3 32. Qe1 e3 33. Kg2 Rf2+ 34. Qxf2 exf2 35. Kxf2 Qf5+ 36. Kg1 Qxh3 37. Kf2 g4 38. Bf4 Qh2+ 39. Ke3 Qxb2 40. Kd4 b4 41. Kxc4 Qxc3+ 42. Kd5 b3 43. Ke4 b2 44. Be5 Qc4+ 45. Kf5 b1=Q+ 46. Kg5 Qd5 47. Kf4 Qbe4+ 48. Kg5 Qdxe5+ 49. Kh4 Qf6+ 50. Kh5 Qeg6# 0-1

[Event "VI Floripa Open 2020"]
[Site "Florianopolis"]
[Date "2020.01.20"]
[Round "1.131"]
[White "Damasceno, Enzo De Carvalho"]
[Black "Buiar, Maria Eduarda Berald"]
[Result "1-0"]
[WhiteElo "1687"]
[BlackElo "1322"]
[Annotator "NA"]
[PlyCount "85"]
[EventDate "2020.01.20"]
[EventType "swiss"]
[EventRounds "10"]
[EventCountry "BRA"]
[SourceTitle "playchess.com"]
[Source "ChessBase"]
[SourceQuality "1"]
[TimeControl "5400+30"]

1. d4 Nf6 2. Bg5 g6 3. Bxf6 exf6 4. c4 Bg7 5. Nc3 d6 6. e3 Nd7 7. g3 O-O 8. Bg2 Re8 9. Nge2 c5 10. O-O Rb8 11. Qd3 cxd4 12. Nxd4 Ne5 13. Qe2 Bg4 14. f3 Be6 15. Nxe6 Rxe6 16. e4 Qc7 17. b3 Nc6 18. Qd2 a6 19. Rad1 b5 20. Bh3 Ree8 21. Qxd6 Qb7 22. Bd7 Red8 23. Qxc6 Qa7+ 24. c5 f5 25. Nd5 Rb7 26. Bc8 Rxc8 27. Qxc8+ Bf8 28. b4 Rb8 29. Qc7 Rb7 30. Nf6+ Kg7 31. Qe5 Re7 32. Qc3 Re6 33. Nd7+ f6 34. Nxf8 Kxf8 35. Rd8+ Kf7 36. Rfd1 Re7 37. Qb3+ Kg7 38. Qg8+ Kh6 39. Qf8+ Kg5 40. h4+ Kh5 41. Qxf6 Kh6 42. Rg8 Rb7 43. Qg5# 1-0

[Event "VI Floripa Open 2020"]
[Site "Florianopolis"]
[Date "2020.01.20"]
[Round "1.132"]
[White "Campagnolo, Bruna"]
[Black "Carneiro, Claudionor Chaves"]
[Result "0-1"]
[WhiteElo "1317"]
[BlackElo "1680"]
[Annotator "NA"]
[PlyCount "72"]
[EventDate "2020.01.20"]
[EventType "swiss"]
[EventRounds "10"]
[EventCountry "BRA"]
[SourceTitle "playchess.com"]
[Source "ChessBase"]
[SourceQuality "1"]
[TimeControl "5400+30"]

1. e4 e6 2. Nc3 Bb4 3. d4 d5 4. exd5 exd5 5. Nf3 Bg4 6. Be2 Nc6 7. O-O Nge7 8. Re1 Qd7 9. h3 Bh5 10. Bf4 f6 11. Bh2 O-O-O 12. Qd2 g5 13. a3 Ba5 14. Red1 Bg6 15. b4 Bb6 16. Bb5 a6 17. Ba4 g4 18. Nh4 gxh3 19. g3 Qg4 20. Ne2 Nf5 21. Nxf5 Bxf5 22. Bxc6 bxc6 23. c3 Qf3 24. Nf4 Be4 25. Kf1 Rhe8 26. Bg1 Qg2+ 27. Ke2 Bf5+ 28. Qe3 Rxe3+ 29. Kxe3 Qe4+ 30. Kd2 Qc2+ 31. Ke3 Qxc3+ 32. Ke2 Bg4+ 33. Kf1 Qc4+ 34. Rd3 Bxd4 35. f3 Bf5 36. Bxd4 Bxd3+ 0-1

[Event "VI Floripa Open 2020"]
[Site "Florianopolis"]
[Date "2020.01.20"]
[Round "1.133"]
[White "De Oliveira Filho, Fernando F"]
[Black "Borba Da Rosa, Rodrigo"]
[Result "0-1"]
[WhiteElo "1680"]
[BlackElo "1294"]
[Annotator "NA"]
[PlyCount "96"]
[EventDate "2020.01.20"]
[EventType "swiss"]
[EventRounds "10"]
[EventCountry "BRA"]
[SourceTitle "playchess.com"]
[Source "ChessBase"]
[SourceQuality "1"]
[TimeControl "5400+30"]

1. d4 e6 2. e4 d5 3. Nc3 dxe4 4. Nxe4 Nc6 5. Nf3 Nf6 6. Bd3 Nxe4 7. Bxe4 Bb4+ 8. c3 Ba5 9. O-O Bd7 10. Bg5 f6 11. Nh4 Ne7 12. Qh5+ Kf8 13. f4 Be8 14. Qf3 h6 15. Bxf6 gxf6 16. Bxb7 Rb8 17. b4 c6 18. Ba6 Bc7 19. Bc4 Nd5 20. Qe4 f5 21. Qxe6 Qxh4 22. Qxf5+ Qf6 23. Qd3 Bg6 24. Qd2 Kg7 25. g3 Rhe8 26. Rfe1 Rxe1+ 27. Rxe1 Re8 28. Rxe8 Bxe8 29. Qe1 Qe7 30. Qxe7+ Nxe7 31. Kf2 Nd5 32. Bxd5 cxd5 33. Kf3 a5 34. a3 axb4 35. axb4 h5 36. h3 Bd7 37. g4 hxg4+ 38. hxg4 Kf6 39. Kg3 Kg6 40. Kf3 Bd8 41. Kg3 Be7 42. Kh3 Bb5 43. Kg3 Bf1 44. Kf2 Bd3 45. Ke3 Be4 46. c4 Bxb4 47. cxd5 Bxd5 48. Kd3 Ba3 0-1

[Event "VI Floripa Open 2020"]
[Site "Florianopolis"]
[Date "2020.01.20"]
[Round "1.134"]
[White "Born, Ary"]
[Black "Fante, Gabriel"]
[Result "0-1"]
[WhiteElo "1282"]
[BlackElo "1673"]
[Annotator "NA"]
[PlyCount "84"]
[EventDate "2020.01.20"]
[EventType "swiss"]
[EventRounds "10"]
[EventCountry "BRA"]
[SourceTitle "playchess.com"]
[Source "ChessBase"]
[SourceQuality "1"]
[TimeControl "5400+30"]

1. d4 Nf6 2. Bf4 g6 3. Nf3 Bg7 4. e3 c5 5. c3 O-O 6. Be2 Qb6 7. Nbd2 Qxb2 8. Nb3 Qxc3+ 9. Nfd2 cxd4 10. Be5 Nc6 11. Rc1 Qb4 12. Rc4 Qb6 13. Bxd4 Nxd4 14. Rxd4 d6 15. Nc4 Qd8 16. h3 Be6 17. O-O Rc8 18. g4 Nd7 19. Nxd6 Bxb3 20. Qxb3 exd6 21. Rxd6 Qc7 22. Rfd1 Nc5 23. Qd5 b6 24. Kf1 Qe7 25. g5 Qe4 26. Bf3 Qxd5 27. R6xd5 f6 28. Bg4 Rce8 29. Rd8 Rxd8 30. Ke2 Rxd1 31. Kxd1 fxg5 32. Ke2 Kf7 33. Bf3 Ke6 34. Bc6 Kd6 35. Bg2 Ke5 36. f3 Rd8 37. e4 Kf4 38. Bh1 Bc3 39. a4 Rd2+ 40. Kf1 Kg3 41. e5 Rf2+ 42. Kg1 Bd4 0-1

[Event "VI Floripa Open 2020"]
[Site "Florianopolis"]
[Date "2020.01.20"]
[Round "1.135"]
[White "Wilberger, Marcelo"]
[Black "Neuenfeld, Eduarda"]
[Result "1-0"]
[WhiteElo "1673"]
[BlackElo "1277"]
[Annotator "NA"]
[PlyCount "41"]
[EventDate "2020.01.20"]
[EventType "swiss"]
[EventRounds "10"]
[EventCountry "BRA"]
[SourceTitle "playchess.com"]
[Source "ChessBase"]
[SourceQuality "1"]
[TimeControl "5400+30"]

1. d4 d5 2. c4 c6 3. Nf3 e6 4. g3 Nf6 5. Bg2 Bb4+ 6. Bd2 Bxd2+ 7. Nbxd2 O-O 8. O-O b6 9. Qc2 Nbd7 10. e4 Nxe4 11. Nxe4 dxe4 12. Qxe4 Bb7 13. Rfd1 Nf6 14. Qc2 Qc7 15. c5 Nd5 16. Rac1 Rfd8 17. Ne5 b5 18. Be4 h6 19. Bh7+ Kh8 20. Bg6 Rf8 21. Bxf7 1-0

[Event "VI Floripa Open 2020"]
[Site "Florianopolis"]
[Date "2020.01.20"]
[Round "1.136"]
[White "Quadra, Derek Erdmann"]
[Black "Correa, Joao Pedro Vieira"]
[Result "0-1"]
[WhiteElo "1275"]
[BlackElo "1665"]
[Annotator "NA"]
[PlyCount "84"]
[EventDate "2020.01.20"]
[EventType "swiss"]
[EventRounds "10"]
[EventCountry "BRA"]
[SourceTitle "playchess.com"]
[Source "ChessBase"]
[SourceQuality "1"]
[TimeControl "5400+30"]

1. d4 Nf6 2. Bf4 e6 3. c4 d5 4. Nc3 c6 5. Nf3 Bd6 6. Bxd6 Qxd6 7. c5 Qc7 8. Qc2 Nbd7 9. e4 dxe4 10. Nxe4 Nxe4 11. Qxe4 b6 12. b4 a5 13. Ne5 Nxe5 14. dxe5 axb4 15. Bb5 Bb7 16. Bc4 bxc5 17. O-O O-O 18. Rfc1 Ra5 19. Rc2 Rd8 20. h4 Rd4 21. Qe3 Rxh4 22. Rd1 Rd4 23. Rxd4 cxd4 24. Qxd4 Rxe5 25. Rd2 Re1+ 26. Bf1 h6 27. Qxb4 Ba6 28. Rd8+ Qxd8 29. Qxe1 Bxf1 30. Qxf1 Qd4 31. Qa6 c5 32. a4 c4 33. a5 c3 34. Kh2 Qf4+ 35. Kh3 Qf5+ 36. g4 Qf3+ 37. Kh2 Qxf2+ 38. Kh3 c2 39. Qc4 Qf3+ 40. Kh2 Qf2+ 41. Kh3 Qe3+ 42. Kg2 c1=Q 0-1

[Event "VI Floripa Open 2020"]
[Site "Florianopolis"]
[Date "2020.01.20"]
[Round "1.137"]
[White "Formolo, Rafael Marcos"]
[Black "De Carvalho, Vitor Augusto Poncia"]
[Result "1-0"]
[WhiteElo "1665"]
[BlackElo "1272"]
[Annotator "NA"]
[PlyCount "65"]
[EventDate "2020.01.20"]
[EventType "swiss"]
[EventRounds "10"]
[EventCountry "BRA"]
[SourceTitle "playchess.com"]
[Source "ChessBase"]
[SourceQuality "1"]
[TimeControl "5400+30"]

1. e4 c5 2. Nf3 Nc6 3. d4 cxd4 4. Nxd4 d6 5. c4 g6 6. Nc3 Bg7 7. Be3 Nf6 8. Be2 O-O 9. O-O Bd7 10. Qd2 Re8 11. Rac1 Ng4 12. Bxg4 Bxg4 13. f3 Bd7 14. Rfd1 b6 15. Nde2 Rc8 16. b3 Qc7 17. a3 Nb8 18. Qa2 Bc6 19. b4 Na6 20. Rd2 Red8 21. Nd4 Ra8 22. Nxc6 Qxc6 23. Nd5 Rd7 24. Rdc2 Rb8 25. Qb3 h5 26. Qd3 Qc7 27. a4 Qc6 28. a5 bxa5 29. b5 Qc8 30. Bxa7 Nc5 31. Qa3 Rxa7 32. b6 Ra6 33. Nxe7+ 1-0

[Event "VI Floripa Open 2020"]
[Site "Florianopolis"]
[Date "2020.01.20"]
[Round "1.139"]
[White "Parreira, Teodora Ribeiro"]
[Black "Steuck, Camilli"]
[Result "1-0"]
[WhiteElo "1660"]
[BlackElo "1269"]
[Annotator "NA"]
[PlyCount "55"]
[EventDate "2020.01.20"]
[EventType "swiss"]
[EventRounds "10"]
[EventCountry "BRA"]
[SourceTitle "playchess.com"]
[Source "ChessBase"]
[SourceQuality "1"]
[TimeControl "5400+30"]

1. e4 e5 2. Nf3 Nc6 3. d4 exd4 4. Bc4 h6 5. O-O Bc5 6. c3 d3 7. Qxd3 d6 8. Bf4 Qf6 9. Be3 Bxe3 10. Qxe3 Nge7 11. Na3 a6 12. Nc2 O-O 13. Ncd4 Nxd4 14. cxd4 Nc6 15. h3 Re8 16. Rfe1 Bd7 17. Rac1 Rac8 18. e5 Qe7 19. Qf4 Qf8 20. a3 b5 21. Ba2 Nb8 22. Rc3 dxe5 23. Nxe5 Re7 24. Ree3 Be6 25. Ng6 fxg6 26. Bxe6+ Rxe6 27. Qxf8+ Rxf8 28. Rxe6 1-0

[Event "VI Floripa Open 2020"]
[Site "Florianopolis"]
[Date "2020.01.20"]
[Round "1.140"]
[White "Fonseca, Rogerio da Silva"]
[Black "Setti, Dalmarino"]
[Result "0-1"]
[WhiteElo "1260"]
[BlackElo "1658"]
[Annotator "NA"]
[PlyCount "72"]
[EventDate "2020.01.20"]
[EventType "swiss"]
[EventRounds "10"]
[EventCountry "BRA"]
[SourceTitle "playchess.com"]
[Source "ChessBase"]
[SourceQuality "1"]
[TimeControl "5400+30"]

1. e4 d5 2. d4 dxe4 3. Nc3 Nf6 4. Be3 Bg4 5. Qd2 e6 6. a3 Nbd7 7. Bc4 Nb6 8. Ba2 Be7 9. Nge2 Qd7 10. O-O O-O 11. Ng3 Nbd5 12. h3 Nxe3 13. fxe3 Bf5 14. Nxf5 exf5 15. Ne2 Bd6 16. c4 c6 17. b4 Rad8 18. Rf2 Nh5 19. Raf1 g6 20. c5 Bb8 21. Qc3 Ng3 22. Nxg3 Bxg3 23. Rd2 Qe7 24. Qc2 Qg5 25. Qc3 f4 26. exf4 Bxf4 27. Rdf2 Be3 28. Qe1 Rxd4 29. Kh1 Bxf2 30. Qxf2 Rd2 31. Bxf7+ Kg7 32. Qg1 Rxf7 33. Rxf7+ Kxf7 34. Qf1+ Kg7 35. g4 Qe3 36. Qa1+ Qd4 0-1

[Event "VI Floripa Open 2020"]
[Site "Florianopolis"]
[Date "2020.01.20"]
[Round "1.141"]
[White "Lima, Vinicius Taishun"]
[Black "Metidieri, Diogenes Galavotti"]
[Result "1-0"]
[WhiteElo "1658"]
[BlackElo "1245"]
[Annotator "NA"]
[PlyCount "69"]
[EventDate "2020.01.20"]
[EventType "swiss"]
[EventRounds "10"]
[EventCountry "BRA"]
[SourceTitle "playchess.com"]
[Source "ChessBase"]
[SourceQuality "1"]
[TimeControl "5400+30"]

1. e4 e6 2. d3 d5 3. Nd2 d4 4. Ngf3 Bc5 5. g3 Nc6 6. Bg2 Nf6 7. O-O O-O 8. e5 Ng4 9. Re1 f6 10. exf6 Qxf6 11. Ne4 Qe7 12. Bg5 Nf6 13. h4 h6 14. Nxf6+ gxf6 15. Bxh6 Rf7 16. Nh2 Bd7 17. Ng4 Bb4 18. Bd2 Rg7 19. Nh6+ Kf8 20. Nf5 Bxd2 21. Nxe7 Bxe1 22. Nxc6 bxc6 23. Qxe1 Rb8 24. a3 e5 25. Qa5 Rb7 26. Qc5+ Re7 27. Bxc6 Bxc6 28. Qxc6 Rb6 29. Qe4 a5 30. h5 Rf7 31. Kg2 Re6 32. Rh1 f5 33. Qd5 f4 34. Qxe6 f3+ 35. Kh3 1-0

[Event "VI Floripa Open 2020"]
[Site "Florianopolis"]
[Date "2020.01.20"]
[Round "1.142"]
[White "Fugimoto, Rafael Aoki"]
[Black "Eger, Laura Luisa"]
[Result "0-1"]
[WhiteElo "1232"]
[BlackElo "1656"]
[Annotator "NA"]
[PlyCount "120"]
[EventDate "2020.01.20"]
[EventType "swiss"]
[EventRounds "10"]
[EventCountry "BRA"]
[SourceTitle "playchess.com"]
[Source "ChessBase"]
[SourceQuality "1"]
[TimeControl "5400+30"]

1. d4 d5 2. Nf3 c6 3. Bf4 Nf6 4. Nbd2 Bf5 5. e3 Nbd7 6. Be2 e6 7. c3 Be7 8. h3 h6 9. O-O O-O 10. Bh2 Ne4 11. Ne5 Ndf6 12. f4 Nxd2 13. Qxd2 Ne4 14. Qd1 f6 15. Nf3 Qb6 16. Qc1 Rae8 17. Nd2 c5 18. Bf3 cxd4 19. exd4 Nd6 20. Re1 Bd8 21. Nb3 Nc4 22. Be2 Nd6 23. Qd1 Be4 24. Bd3 f5 25. Rb1 Rf6 26. Nc5 Qc7 27. Re3 Rg6 28. Rg3 Rxg3 29. Bxg3 Qf7 30. Bxe4 Nxe4 31. Nxe4 fxe4 32. Qe2 Qg6 33. Bh2 a6 34. Re1 Bc7 35. Qd2 Rf8 36. Qf2 e5 37. dxe5 Bb6 38. Re3 Bxe3 39. Qxe3 Qc6 40. Qd4 Rc8 41. Kf2 Qb5 42. Qd2 Qc4 43. a3 Rc6 44. Qe2 Rb6 45. Qc2 Qb3 46. Qxb3 Rxb3 47. e6 Rxb2+ 48. Kf1 Rb3 49. f5 Rxa3 50. Be5 Ra2 51. f6 gxf6 52. Bxf6 a5 53. e7 Kf7 54. Bg7 h5 55. h4 Kxe7 56. Bd4 a4 57. g4 hxg4 58. h5 Rh2 59. h6 Rxh6 60. Kf2 Rh3 0-1

[Event "VI Floripa Open 2020"]
[Site "Florianopolis"]
[Date "2020.01.20"]
[Round "1.143"]
[White "Da Silva, Esequiel Luis Melo"]
[Black "Usui, Gabriella Yumi"]
[Result "1-0"]
[WhiteElo "1651"]
[BlackElo "1227"]
[Annotator "NA"]
[PlyCount "75"]
[EventDate "2020.01.20"]
[EventType "swiss"]
[EventRounds "10"]
[EventCountry "BRA"]
[SourceTitle "playchess.com"]
[Source "ChessBase"]
[SourceQuality "1"]
[TimeControl "5400+30"]

1. e4 c5 2. d3 Nc6 3. Nf3 g6 4. c3 d5 5. Nbd2 Bg7 6. Be2 Nf6 7. O-O O-O 8. Re1 Bg4 9. h3 Bxf3 10. Bxf3 Ne5 11. Be2 dxe4 12. dxe4 Nd3 13. Bxd3 Qxd3 14. Nb3 Qxd1 15. Rxd1 b6 16. e5 Ne8 17. Bf4 e6 18. Rd7 f6 19. Re1 fxe5 20. Bxe5 Bxe5 21. Rxe5 Ng7 22. Re2 Rfd8 23. Red2 Rxd7 24. Rxd7 Kf8 25. g4 h5 26. Nd2 hxg4 27. hxg4 Ne8 28. Ne4 Ng7 29. f4 a5 30. a4 Rb8 31. c4 Ne8 32. Kf2 Ng7 33. Kg3 Re8 34. Nd6 Rb8 35. Kh4 Kg8 36. Kg5 Kh7 37. Ne4 Kh8 38. Kxg6 1-0

[Event "VI Floripa Open 2020"]
[Site "Florianopolis"]
[Date "2020.01.20"]
[Round "1.144"]
[White "Brand, Oliver"]
[Black "Da Silva Junior, Marco Aurelio"]
[Result "0-1"]
[WhiteElo "1224"]
[BlackElo "1651"]
[Annotator "NA"]
[PlyCount "28"]
[EventDate "2020.01.20"]
[EventType "swiss"]
[EventRounds "10"]
[EventCountry "BRA"]
[SourceTitle "playchess.com"]
[Source "ChessBase"]
[SourceQuality "1"]
[TimeControl "5400+30"]

1. e4 c5 2. Nc3 Nc6 3. Bb5 e6 4. f4 Nd4 5. Ba4 a6 6. d3 b5 7. Bb3 Bb7 8. Nge2 Nxb3 9. axb3 Nf6 10. Be3 Ng4 11. Bd2 Qh4+ 12. g3 Qh3 13. f5 Qg2 14. Rg1 Qf2# 0-1

[Event "VI Floripa Open 2020"]
[Site "Florianopolis"]
[Date "2020.01.20"]
[Round "1.145"]
[White "Ferraz, Joao Vitor Koenig"]
[Black "Maia, Renata Rodrigues Alv"]
[Result "1-0"]
[WhiteElo "1649"]
[BlackElo "1221"]
[Annotator "NA"]
[PlyCount "82"]
[EventDate "2020.01.20"]
[EventType "swiss"]
[EventRounds "10"]
[EventCountry "BRA"]
[SourceTitle "playchess.com"]
[Source "ChessBase"]
[SourceQuality "1"]
[TimeControl "5400+30"]

1. d4 d5 2. c4 e6 3. Nc3 c6 4. Bf4 Bd6 5. Bg3 Nf6 6. e3 O-O 7. Bd3 dxc4 8. Bxc4 b5 9. Bd3 b4 10. Ne4 Nxe4 11. Bxe4 Bxg3 12. hxg3 g6 13. Qf3 Qd6 14. Rc1 Bd7 15. Qf6 Rc8 16. Nf3 Qf8 17. Ng5 Qg7 18. Nxh7 Qxf6 19. Nxf6+ Kg7 20. Nxd7 Nxd7 21. Rxc6 Nf6 22. Rxc8 Rxc8 23. Bf3 Rc2 24. a3 Rxb2 25. axb4 Rxb4 26. O-O a5 27. Ra1 a4 28. Bc6 a3 29. Kf1 Ng4 30. Bf3 Nh2+ 31. Kg1 Nxf3+ 32. gxf3 Ra4 33. Ra2 Kf6 34. Kf1 e5 35. dxe5+ Kxe5 36. Ke2 Kd5 37. Kd3 Kc5 38. Kc3 Rc4+ 39. Kb3 Rc1 40. Kxa3 Rc3+ 41. Kb2 Rc4 {Ilegivel} 1-0

[Event "VI Floripa Open 2020"]
[Site "Florianopolis"]
[Date "2020.01.20"]
[Round "1.147"]
[White "Cezar, Ricardo De Almeida"]
[Black "Do Carmo, Caroline Da Silva"]
[Result "1-0"]
[WhiteElo "1644"]
[BlackElo "1208"]
[Annotator "NA"]
[PlyCount "51"]
[EventDate "2020.01.20"]
[EventType "swiss"]
[EventRounds "10"]
[EventCountry "BRA"]
[SourceTitle "playchess.com"]
[Source "ChessBase"]
[SourceQuality "1"]
[TimeControl "5400+30"]

1. d4 d5 2. Bf4 Nf6 3. e3 e6 4. Nf3 c5 5. c3 Nc6 6. Nbd2 c4 7. Qc2 Be7 8. e4 dxe4 9. Nxe4 Nxe4 10. Qxe4 f5 11. Qe3 b5 12. g3 O-O 13. Bg2 Bb7 14. Qxe6+ Rf7 15. Ne5 Nxe5 16. Bxb7 Nd3+ 17. Kf1 Nc5 18. dxc5 Qd3+ 19. Kg1 Rd8 20. c6 Bc5 21. c7 Bb6 22. cxd8=Q+ Qxd8 23. Bd5 Qf8 24. Bd6 Qxd6 25. Qxf7+ Kh8 26. Qg8# 1-0

[Event "VI Floripa Open 2020"]
[Site "Florianopolis"]
[Date "2020.01.20"]
[Round "1.148"]
[White "Deobrochinski, Valentina Hinke"]
[Black "Allo Collante, Enrique"]
[Result "0-1"]
[WhiteElo "1191"]
[BlackElo "1641"]
[Annotator "NA"]
[PlyCount "66"]
[EventDate "2020.01.20"]
[EventType "swiss"]
[EventRounds "10"]
[EventCountry "BRA"]
[SourceTitle "playchess.com"]
[Source "ChessBase"]
[SourceQuality "1"]
[TimeControl "5400+30"]

1. d4 d5 2. e3 Nf6 3. Bd3 e6 4. f4 c5 5. c3 Bd6 6. Nf3 Nbd7 7. Nbd2 b6 8. Ne5 Bb7 9. O-O Qe7 10. Bc2 h6 11. b3 g5 12. Nxd7 Nxd7 13. Nf3 O-O-O 14. Ne5 Rdg8 15. Qh5 Rg7 16. fxg5 Bxe5 17. dxe5 Qxg5 18. Qxg5 hxg5 19. Bb2 c4 20. bxc4 dxc4 21. Rad1 Nxe5 22. Rd4 Ba6 23. Rfd1 f5 24. Ba4 Rgh7 25. h3 g4 26. R4d2 gxh3 27. Bc1 hxg2 28. Kxg2 Bb7+ 29. Kg3 Nd3 30. Rxd3 cxd3 31. Rxd3 e5 32. Bb3 Rg7+ 33. Kf2 Rg2+ 0-1

[Event "VI Floripa Open 2020"]
[Site "Florianopolis"]
[Date "2020.01.20"]
[Round "1.149"]
[White "Nobre, Jailson Altair Barbo"]
[Black "Allo Collante, Violeta"]
[Result "1-0"]
[WhiteElo "1638"]
[BlackElo "1189"]
[Annotator "NA"]
[PlyCount "101"]
[EventDate "2020.01.20"]
[EventType "swiss"]
[EventRounds "10"]
[EventCountry "BRA"]
[SourceTitle "playchess.com"]
[Source "ChessBase"]
[SourceQuality "1"]
[TimeControl "5400+30"]

1. e4 e5 2. Bc4 Nf6 3. d4 exd4 4. e5 Qe7 5. Qe2 Ng4 6. Qxg4 Qb4+ 7. Nd2 Nc6 8. a3 Qc5 9. Qe2 Qxe5 10. Ngf3 Qxe2+ 11. Bxe2 Bc5 12. O-O O-O 13. Bd3 d6 14. b4 Bb6 15. Nc4 Be6 16. Nxb6 axb6 17. Bb2 Ne5 18. Nxd4 Nxd3 19. cxd3 c5 20. Nxe6 fxe6 21. Rae1 Rfe8 22. Re3 cxb4 23. axb4 Ra2 24. Bd4 b5 25. f4 Ra4 26. Bb2 Rxb4 27. Ba3 Rd4 28. f5 e5 29. Rg3 b4 30. Bb2 Rf4 31. Rxf4 exf4 32. Rxg7+ Kf8 33. Rxb7 Re3 34. Rxb4 f3 35. gxf3 Rxd3 36. Rd4 Rxf3 37. Rxd6 Rxf5 38. Rf6+ Rxf6 39. Bxf6 Kf7 40. Bd4 Kg6 41. Kg2 Kh6 42. Kg3 Kh5 43. Be3 Kg6 44. Kg4 Kf6 45. Kh5 Kf5 46. Bg5 Ke4 47. Kh6 Kf3 48. h4 Kg4 49. Kxh7 Kh5 50. Kg7 Kg4 51. Kg6 1-0

[Event "VI Floripa Open 2020"]
[Site "Florianopolis"]
[Date "2020.01.20"]
[Round "1.150"]
[White "Sarda, Joao Sada"]
[Black "Goetten Wagner, Julia"]
[Result "0-1"]
[WhiteElo "1184"]
[BlackElo "1638"]
[Annotator "NA"]
[PlyCount "116"]
[EventDate "2020.01.20"]
[EventType "swiss"]
[EventRounds "10"]
[EventCountry "BRA"]
[SourceTitle "playchess.com"]
[Source "ChessBase"]
[SourceQuality "1"]
[TimeControl "5400+30"]

1. Nf3 Nf6 2. g3 d5 3. Bg2 c5 4. O-O Nc6 5. d3 e6 6. Nbd2 Be7 7. c4 O-O 8. a3 Qc7 9. b3 b6 10. Bb2 Bb7 11. Qc2 Rad8 12. e4 d4 13. Rfe1 a5 14. e5 Nd7 15. Ne4 Ncxe5 16. Nxe5 Nxe5 17. Qe2 Nd7 18. Bc1 Nf6 19. Nxf6+ Bxf6 20. Bxb7 Qxb7 21. Qg4 Rfe8 22. Bh6 Kh8 23. Bg5 Bxg5 24. Qxg5 f6 25. Qf4 e5 26. Qh4 Qf3 27. Qe4 Qxe4 28. Rxe4 f5 29. Re2 e4 30. dxe4 d3 31. Rd2 fxe4 32. Re1 Rd7 33. Rb1 Kg8 34. b4 cxb4 35. axb4 axb4 36. Rxb4 Rc7 37. Kg2 Rc6 38. h4 Rf6 39. Kg1 Rxf2 40. Rxf2 e3 41. Kf1 exf2 42. Kxf2 Re2+ 43. Kf1 Rc2 44. Ke1 Kf7 45. g4 h6 46. h5 Rg2 47. Kd1 Rxg4 48. Kd2 Rd4 49. Kd1 Rd6 50. Kd2 Kf6 51. Rb3 g6 52. hxg6 Kxg6 53. Rb5 h5 54. Rd5 Rxd5 55. cxd5 Kf6 56. Kxd3 Ke5 57. Kc4 h4 58. Kb5 Kxd5 0-1